000 005240000a22001570004500
003 MACL
005 20180107122516.0
008 180107b xxu||||| |||| 00| 0 eng d
040 _cmacl
100 _aचितौडा,डाॅ शशि
_969952
245 _aबाल विकास एंव शिक्षा मनोविज्ञान
260 _aजयपुर
_bकल्‍पना पब्लिकेशन
_c2011
350 _a400
650 _aशिक्षा
_969953
942 _cHIN
_k370
_2ddc
999 _c46822
_d46822